|
|
|
|
| LEADER |
01154naa a2200289 i 4500 |
| 001 |
acta61969 |
| 005 |
20230613084616.0 |
| 008 |
190725s2019 hu o 1|| eng d |
| 024 |
7 |
|
|a 10.14232/tnpr.2019.pl8
|2 doi
|
| 040 |
|
|
|a SZTE Egyetemi Kiadványok Repozitórium
|b hun
|
| 041 |
|
|
|a eng
|
| 100 |
1 |
|
|a Tsai Yi-Hong
|
| 245 |
1 |
0 |
|a Development of traditional complex formulas as therapeutic agents
|h [elektronikus dokumentum] :
|b [abstract] /
|c Tsai Yi-Hong
|
| 260 |
|
|
|a Phytochemical Society of Europe ; University of Szeged
|b Leicester ; Szeged
|c 2019
|
| 300 |
|
|
|a 29
|
| 490 |
0 |
|
|a Trends in Natural Product Research – PSE Young Scientists’ Meeting
|
| 650 |
|
4 |
|a Természettudományok
|
| 650 |
|
4 |
|a Kémiai tudományok
|
| 650 |
|
4 |
|a Orvos- és egészségtudomány
|
| 650 |
|
4 |
|a Általános orvostudomány
|
| 695 |
|
|
|a Gyógyszertan - előadáskivonat
|
| 700 |
0 |
1 |
|a Tseng Yu-Ting
|e aut
|
| 700 |
0 |
1 |
|a Wu Tung-Yin
|e aut
|
| 700 |
0 |
1 |
|a Lo Yi-Ching
|e aut
|
| 700 |
0 |
1 |
|a Chang Fang-Rong
|e aut
|
| 711 |
|
|
|a Trends in Natural Product Research
|c Budapest
|d 2019. június 19-21.
|
| 856 |
4 |
0 |
|u http://acta.bibl.u-szeged.hu/61969/1/ysm_2019_029.pdf
|z Dokumentum-elérés
|